Statistiques concernant WWE Royal Rumble - Qui a éliminé Jack Swagger ?

Cliquez ici pour prendre le quiz!

Statistiques générales

  • Ce quiz a été pris 19 fois
  • Le résultat moyen est 3 sur 6

Statistiques - réponses

RumbleÉliminé par% Correct
2012Big Show et Sheamus
94%
2010Kofi Kingston
65%
2015Big Show
59%
2011Rey Mysterio
59%
2016Brock Lesnar
35%
2014Kevin Nash
12%

Distribution des résultats

Percentile par nombre de réponses

% des personnes avec chaque résultat

Votre développement - résultats

Vous n’avez pas pris ce quiz